My side of the mountain / (Record no. 1)

MARC details
000 -LEADER
fixed length control field 01183nam a22003377a 4500
001 - CONTROL NUMBER
control field 1
003 - CONTROL NUMBER IDENTIFIER
control field FISKH
005 - DATE AND TIME OF LATEST TRANSACTION
control field 20231124152854.0
008 - FIXED-LENGTH DATA ELEMENTS--GENERAL INFORMATION
fixed length control field 230220b cb ||||| |||| 00| 0 eng d
010 ## - LIBRARY OF CONGRESS CONTROL NUMBER
LC control number 87027556
020 ## - INTERNATIONAL STANDARD BOOK NUMBER
International Standard Book Number 0525443924 (lib. bdg.) :
020 ## - INTERNATIONAL STANDARD BOOK NUMBER
International Standard Book Number 0525443959 (pbk.)
020 ## - INTERNATIONAL STANDARD BOOK NUMBER
International Standard Book Number 9780590981811
040 ## - CATALOGING SOURCE
Original cataloging agency DLC
Transcribing agency DLC
Modifying agency DLC
-- FISKH
Language of cataloging eng
042 ## - AUTHENTICATION CODE
Authentication code lcac
050 00 - LIBRARY OF CONGRESS CALL NUMBER
Classification number PZ7
Item number .G2933
082 ## - DEWEY DECIMAL CLASSIFICATION NUMBER
Edition number 823.9
100 1# - MAIN ENTRY--PERSONAL NAME
Personal name George, Jean Craighead,
Dates associated with a name 1919-2012.
245 10 - TITLE STATEMENT
Title My side of the mountain /
Statement of responsibility, etc. Jean Craighead George.
Remainder of title a newbery honor book
260 ## - PUBLICATION, DISTRIBUTION, ETC.
Place of publication, distribution, etc. New York :
Name of publisher, distributor, etc. Scholastic,
Date of publication, distribution, etc. 1988.
300 ## - PHYSICAL DESCRIPTION
Extent 177 pages :
Other physical details illustrations ;
Dimensions 18 cm
505 ## - FORMATTED CONTENTS NOTE
Formatted contents note V
520 ## - SUMMARY, ETC.
Summary, etc. A young boy relates his adventures during the year he spends living alone in the Catskill Mountains including his struggle for survival, his dependence on nature, his animal friends, and his ultimate realization that he needs human companionship.
521 8# - TARGET AUDIENCE NOTE
Target audience note 810
Source Lexile
521 8# - TARGET AUDIENCE NOTE
Target audience note V
Source Raz-Paz
650 #1 - SUBJECT ADDED ENTRY--TOPICAL TERM
Topical term or geographic name entry element Survival
General subdivision Fiction.
650 #1 - SUBJECT ADDED ENTRY--TOPICAL TERM
Topical term or geographic name entry element Self-reliance
General subdivision Fiction.
650 #1 - SUBJECT ADDED ENTRY--TOPICAL TERM
Topical term or geographic name entry element Mountain life
General subdivision Fiction.
906 ## - LOCAL DATA ELEMENT F, LDF (RLIN)
a 7
b cbc
c orignew
d 1
e ocip
f 19
g y-gencatlg
942 ## - ADDED ENTRY ELEMENTS (KOHA)
Source of classification or shelving scheme Dewey Decimal Classification
Koha item type Books
Suppress in OPAC No
Holdings
Withdrawn status Lost status Source of classification or shelving scheme Damaged status Not for loan Collection Home library Current library Shelving location Date acquired Total Checkouts Full call number Barcode Date last seen Copy number Price effective from Koha item type Date last checked out
    Dewey Decimal Classification     Fiction Footprints International School Library Network Toul Kork Campus Footprints International School Library Network Toul Kork Campus A TK Campus, 4th Floor, Room B401, Fiction Bookcases (1-6) 12/15/2022   GEO 813.9 PZ7 .G2933 FISTK04712 02/07/2023 1 12/15/2022 Books  
    Dewey Decimal Classification     Fiction Footprints International School Library Network Toul Kork Campus Footprints International School Library Network Toul Kork Campus A TK Campus, 4th Floor, Room B401, Fiction Bookcases (1-6) 12/15/2022   GEO 813.9 PZ7 .G2933 FISTK04708 02/07/2023 2 12/15/2022 Books  
    Dewey Decimal Classification     Fiction Footprints International School Library Network Toul Kork Campus Footprints International School Library Network Toul Kork Campus A TK Campus, 4th Floor, Room B401, Fiction Bookcases (1-6) 12/15/2022   GEO 813.9 PZ7 .G2933 FISTK04709 03/06/2023 3 12/15/2022 Books  
    Dewey Decimal Classification     Fiction Footprints International School Library Network Toul Kork Campus Footprints International School Library Network Toul Kork Campus A TK Campus, 4th Floor, Room B401, Fiction Bookcases (1-6) 12/15/2022   GEO 813.9 PZ7 .G2933 FISTK04710 03/28/2023 4 12/15/2022 Books  
    Dewey Decimal Classification     Fiction Footprints International School Library Network Toul Kork Campus Footprints International School Library Network Toul Kork Campus A TK Campus, 4th Floor, Room B401, Fiction Bookcases (1-6) 12/15/2022   GEO 813.9 PZ7 .G2933 FISTK04711 06/16/2023 5 12/15/2022 Books  
    Dewey Decimal Classification     Fiction Footprints International School Library Network Toul Kork Campus Footprints International School Library Network Toul Kork Campus A TK Campus, 4th Floor, Room B401, Fiction Bookcases (1-6) 12/15/2022   GEO 813.9 PZ7 .G2933 FISTK05377 09/11/2023 6 12/15/2022 Books  
    Dewey Decimal Classification     Fiction Footprints International School Library Network Toul Kork Campus Footprints International School Library Network Toul Kork Campus A TK Campus, 4th Floor, Room B401, Fiction Bookcases (1-6) 11/24/2023   GEO 813.9 PZ7 .G2933 FISSE00243 11/24/2023 7 11/24/2023 Books  
    Dewey Decimal Classification     Fiction Footprints International School Library Network Toul Tom Poung Campus Footprints International School Library Network Toul Kork Campus TTP Secondary Fiction Bookshelves 11/24/2023 1 GEO 813.9 PZ7 .G2933 FISSE00244 06/09/2025 9 11/24/2023 Books 12/05/2024
    Dewey Decimal Classification     Fiction Footprints International School Library Network Toul Tom Poung Campus Footprints International School Library Network Toul Tom Poung Campus TTP Secondary Fiction Bookshelves 11/24/2023   GEO 813.9 PZ7 .G2933 FISSE01706 11/22/2024 8 11/24/2023 Books